Quizzes
Events
Quiz Creation
Community
Videos
Private Events
Remove Ads
Sign In
Join for FREE
Feedback
Dark Mode
Quiz Categories
Sports
Geography
Music
Movies
Television
Just For Fun
Miscellaneous
History
Literature
Language
Science
Gaming
Entertainment
Religion
Holiday
For Kids
Quiz Lab
Recent
Popular Today
Quiz Kudos Today
Editor Picks
Curator Picks
Quizzes by...
Day
Popularity
Type
Ratings
Length
Year
Community
Subscriptions
Recent Discussions
Orange Saloon
Badges
Playlists
Quests
Create
Leaderboards
Showdown
Live 5
Trivia Bingo
Activity
Puzzle Library
Sporcle Events
Private Events
Virtual Trivia
Globe League
Become a Host
Pub Owners
SporcleCon
Opinionation
Our Games
Videos
Blog
Mobile Apps
Partnerships
Remove Ads and Go Orange
Feedback
Gaming
Video Games
Board Games
Card Games
Pokémon
Mario
Nintendo
Minecraft
Console
Toys
Legend of Zelda
Gaming
Video Games
Board Games
Card Games
Pokémon
Mario
Nintendo
Minecraft
Console
Toys
Legend of Zelda
Random Quiz
Search Sporcle
×
Quiz Lab
Quiz Lab
Gaming
Nintendo
Type in answers that appear in a list
Type in answers that appear in a list
Classic
Best Score? Go Orange.
Drivers in Mario Kart Wii Stats
Can you name the Drivers in Mario Kart Wii?
By
Blondie_92
5m
25 Questions
361 Plays
361 Plays
361 Plays
Comments
Comments
Give Quiz Kudos
Give Quiz Kudos
-
- Ratings
hide this ad
Replay
Link that replays current quiz
Next Quiz
Link to next quiz in quiz playlist
You Got
0%
They Got
Avg Score
75%
Avg Friend Score
Upgrade to see
Score Distribution
Jump to the score distribution portion of the page
Score
0/25
Timer
05:00
0
Plays Today
Size
Driver
% Correct
Medium
Mario
95.5%
Medium
Luigi
91%
Large
Bowser
90.8%
Small
Baby Mario
88%
Medium
Peach
88%
Small
Toad
84.9%
Small
Baby Luigi
84.3%
Large
Donkey Kong
83.8%
Small
Baby Peach
82.4%
Medium
Yoshi
81.5%
Medium
Daisy
80.7%
Large
Wario
80.1%
Medium
Diddy Kong
77%
Size
Driver
% Correct
Large
Waluigi
76.2%
Small
Dry Bones
75.4%
Small
Baby Daisy
73.9%
Small
Koopa Troopa
70.9%
Small
Toadette
68.1%
Large
King Boo
67.8%
Medium
Bowser Jr.
65%
Medium
Birdo
60.5%
Large
Rosalina
59.7%
Large
Funky Kong
58.5%
Large
Dry Bowser
58%
Large
Mii
46.2%
Quiz Playlist
Details
Report
Send in Message
Add To Playlist
Classic:
Type in answers that appear in a list
Quiz Source
Last Updated: Feb 16, 2017
Quiz Scoreboard
CHALLENGE
Sign Up to Join the Scoreboard
Show All
Scores
Hide
Comments
May contain spoilers
Recently Published
Movies - When Are They Set?
by FPL_Elf
Movies
5m
Popular People in 1961
by mucciniale
History
6m
1-10 Letter E Words III
by El_Dandy
Language
2m
More to Explore
Quiz From the Vault
Featured Blog Post
Where Did the Easter Bunny Come From?
hide this ad
You Might Also Like...
Tags
Mario Quiz
Nintendo Quiz
Mario Kart
Wii Characters
Wii Games
Today's Top Quizzes in Gaming
Browse Gaming
hide this ad
Today's Top Quizzes in Nintendo
Browse Nintendo
Top Contributed Quizzes in Gaming
1
Destiny 2 exotic weapons by perk icons
2
Who's on the WWE 2K24 Cover?
3
Windmill: Pokémon
4
Overwatch 2 Heroes by Selection Quote
5
Genshin murder mystery
6
Overwatch 2: Ultimate Ability Icons
7
Franchise by Action Figure
8
Legendary or Exotic?
9
Genshin Impact Logic Puzzle
10
Genshin Impact Logic Puzzle Quiz
Explore More
Trending Topics
Marvel
NBA
Disney
Anime
Kpop
Harry Potter
Crossword
Pokémon
NFL
WWE
Country
Song
Puzzle
The Office
Soccer
hide this ad
More By:
Blondie_92
Quiz
Plays
Rating
Category
Featured
Created
Drivers in Mario Kart Wii
361
4.00
Gaming
Sep 15, 2010
Go to Creator's Profile
Score Distribution
Quiz Creator Spotlight
Blondie_92
Follow
Send a Message
Quizzes Created
-
Created Quiz Play Count
-
More By This Creator
Popular Quizzes Today
1
Find the US States - No Outlines Minefield
2
Find the Countries of Europe - No Outlines Minefield
3
The Countries of the World
4
Popular People in 1961
5
1-10 Letter E Words III
6
US States
7
Find the US States
8
One Thing in Common: World Cities II
More Gaming Quizzes
All Sonic Games
Quiz Lab
Trending Quizzes
Risky Map Clicking: Least Populous States A-Z
1-10 Letter F Words
1-10 Letter G Words
One Thing in Common: United Kingdom
Risky Map Clicking: Next State Alphabetically
Recently Updated
Leaping Animals
pecheneg
Reality TV Shows (A-Z)
bhenderson79
Rickey Henderson's Hall of Fame Teammates
pecheneg
Champions League XIs: Arsenal
pecheneg
Quick Pick: Celebrities in WWE's Hall of Fame
aduchscher
A-Z Keypad Blitz II
pecheneg
Multiple Oscar Actors
pecheneg
Mystery Phrase Blitz: Oscar 'Best Actors'
pecheneg
F. Scott Fitzgerald Novels
LTH
Pick 3 Villains
ddd62291
Trending Topics
Kpop
Harry Potter
NBA
Marvel
Anime
Crossword
Disney
Country
Pokémon
Song
Soccer
NFL
Puzzle
WWE
The Office
Your Account Isn't Verified!
In order to create a playlist on Sporcle, you need to verify the email address you used during registration. Go to your
Sporcle Settings
to finish the process.
Report this User
Report this user for behavior that violates our
Community Guidelines
.
Details:
Send Report
Go to the Sporcle.com Mobile Site →
Comments